Eastern Utah Libraries Catalog: Duchesne, Heber, Roosevelt, & Vernal

Long Island compromise : (Record no. 399263)

MARC details
000 -LEADER
fixed length control field 01718nam a2200409 i 4500
001 - CONTROL NUMBER
control field 3457706
005 - DATE AND TIME OF LATEST TRANSACTION
control field 20240810232134.0
008 - FIXED-LENGTH DATA ELEMENTS--GENERAL INFORMATION
fixed length control field 240620s2024 nyu d 000 1 eng d
020 ## - INTERNATIONAL STANDARD BOOK NUMBER
International Standard Book Number 9780593415177 (large print) :
Terms of availability $32.00
020 ## - INTERNATIONAL STANDARD BOOK NUMBER
International Standard Book Number 0593415175 (large print) :
Terms of availability $32.00
035 ## - SYSTEM CONTROL NUMBER
System control number (OCoLC)1442973013
035 ## - SYSTEM CONTROL NUMBER
System control number (OCoLC)on1442973013
040 ## - CATALOGING SOURCE
Original cataloging agency PABRO
Language of cataloging eng
Description conventions rda
Transcribing agency PABRO
050 #4 - LIBRARY OF CONGRESS CALL NUMBER
Classification number PS3602.R63457
Item number L66 2024
082 04 - DEWEY DECIMAL CLASSIFICATION NUMBER
Classification number 813/.6
Edition number 23
092 ## - LOCALLY ASSIGNED DEWEY CALL NUMBER (OCLC)
Classification number Large Print Fiction
Item number Brodesser-Anker
999 ## - SYSTEM CONTROL NUMBERS (KOHA)
Koha Dewey Subclass [OBSOLETE] F
100 1# - MAIN ENTRY--PERSONAL NAME
Personal name Brodesser-Akner, Taffy,
Relator term author.
9 (RLIN) 6005337
245 10 - TITLE STATEMENT
Title Long Island compromise :
Remainder of title a novel /
Statement of responsibility, etc Taffy Brodesser-Akner.
250 ## - EDITION STATEMENT
Edition statement First large print edition.
264 #1 - Production, Publication, Distribution, Manufacture, and Copyright Notice.
Place of production, publication, distribution, manufacture New York :
Name of producer, publisher, distributor, manufacturer Random House Large Print,
Date of production, publication, distribution, manufacture, or copyr [2024]
300 ## - PHYSICAL DESCRIPTION
Extent 677 pages (large print) ;
Dimensions 24 cm
336 ## - Content Type
Content type term text
337 ## - Media type
Media type term unmediated
338 ## - Carrier type
Carrier type term volume
650 #0 - SUBJECT ADDED ENTRY--TOPICAL TERM
Topical term or geographic name as entry element Families
Form subdivision Fiction.
9 (RLIN) 5674501
650 #0 - SUBJECT ADDED ENTRY--TOPICAL TERM
Topical term or geographic name as entry element Conduct of life
Form subdivision Fiction.
9 (RLIN) 5675198
650 #7 - SUBJECT ADDED ENTRY--TOPICAL TERM
Topical term or geographic name as entry element FICTION / Family Life.
Source of heading or term bisacsh
9 (RLIN) 5679128
650 #7 - SUBJECT ADDED ENTRY--TOPICAL TERM
Topical term or geographic name as entry element FICTION / Literary.
Source of heading or term bisacsh
9 (RLIN) 5675423
650 #7 - SUBJECT ADDED ENTRY--TOPICAL TERM
Topical term or geographic name as entry element FICTION / Satire.
Source of heading or term bisacsh
9 (RLIN) 5681329
651 #0 - SUBJECT ADDED ENTRY--GEOGRAPHIC NAME
Geographic name New York (State)
Geographic subdivision Long Island
Form subdivision Fiction.
9 (RLIN) 6491926
942 ## - ADDED ENTRY ELEMENTS (KOHA)
Source of classification or shelving scheme Dewey Decimal Classification
Koha item type BOOK
948 ## - LOCAL PROCESSING INFORMATION (OCLC); SERIES PART DESIGNATOR (RLIN)
Series part designator, SPT (RLIN) BPG
b (OCLC) ADULT
p (OCLC) X134463942
h (OCLC) F
f (OCLC) 1
r (OCLC) 2
g (OCLC) 1
7 (OCLC) 0
u (OCLC) 3
w (OCLC) 11
s (OCLC) 0
o (OCLC) BPG
0 (OCLC) $32.00
y (OCLC) 99
c (OCLC) 41
j (OCLC) Dewey Decimal
n (OCLC) On-Order
e (OCLC) 2225524-1
9 (OCLC) Item generated Jul 19 2024 2:59PM
948 ## - LOCAL PROCESSING INFORMATION (OCLC); SERIES PART DESIGNATOR (RLIN)
Series part designator, SPT (RLIN) BDW
b (OCLC) ADULT
p (OCLC) X134464064
h (OCLC) F
f (OCLC) 1
r (OCLC) 2
g (OCLC) 1
7 (OCLC) 0
u (OCLC) 3
w (OCLC) 11
s (OCLC) 0
o (OCLC) BDW
0 (OCLC) $32.00
y (OCLC) 99
c (OCLC) 41
j (OCLC) Dewey Decimal
n (OCLC) On-Order
e (OCLC) 2225524-2
9 (OCLC) Item generated Jul 19 2024 2:59PM
Holdings
Withdrawn status Lost status Source of classification or shelving scheme Damaged status Not for loan Collection code Home library Current library Shelving location Date acquired Source of acquisition Total Checkouts Total Renewals Full call number Barcode Date last seen Date checked out Cost, replacement price Price effective from Koha item type
    Dewey Decimal Classification     Large Print Wasatch County Library Wasatch County Library First Floor 08/10/2024 Micromarketing 6 1 F Brodesser-Anker 34301002085779 11/12/2024 10/29/2024 32.00 08/10/2024 BOOK
This project was made possible through a grant from the Institute of Museum and Library Service administered by the Utah State Library Division.

Wasatch County Library

  • 465 East 1200 South, Heber City, Utah 84032
  • Phone 435-654-1511 | Fax 435-654-6456

Hours

  • Monday - Friday 9:30 AM - 8:00 PM
  • Saturday 9:30 AM - 1:30 PM
  • Closed Sundays and Holidays